000 00398pab a2200169 454500
008 180718b2011 xxu||||| |||| 00| 0 eng d
100 _aSingh, Harbir
245 _aThe seed bill, 2011: Some reflections
260 _c2011
300 _ap.22-25.
362 _a17 Dec
650 _aSeeds
700 _aChand, Ramesh
773 _aEconomic and Political Weekly
908 _aN
909 _a94270
999 _c94270
_d94270